| 000 | 00491 a2200169 4500 | ||
|---|---|---|---|
| 003 | OSt | ||
| 005 | 20231223113144.0 | ||
| 008 | 231223b |||||||| |||| 00| 0 eng d | ||
| 020 | _a9788181435866 | ||
| 040 | _coclc | ||
| 082 |
_a891.43 _bJOS/K |
||
| 100 |
_aJoshi, Manohar Syam _910169 |
||
| 245 |
_aKYA HAAL HAIN CHINE KE / _cManohar Syam Joshi |
||
| 260 |
_aNew Delhi: _bVani Prakashan, _c2006. |
||
| 300 | _a120p | ||
| 942 |
_2ddc _cBK _h891.43 _iJOS/K _k891.43 _mJOS/K |
||
| 999 |
_c43541 _d43541 |
||